Pays par objets culturels emblématiques - Statistiques

Statistiques générales
  • Ce quiz a été pris 97 fois
  • Le résultat moyen est 12 sur 16
Statistiques - réponses
Par images Hint Réponse % Correct
Kimono Japon
100%
Sombrero Mexique
98%
Matryoshka Russie
98%
Kilt Écosse
97%
Boomerang Australie
95%
Guillotine France
91%
Masque vénitien Italie
89%
Gong Chine
86%
Djellaba Maroc / Algérie
85%
Papyrus Égypte
84%
Castagnettes Espagne
76%
Vuvuzela Afrique du Sud
61%
Sitar Inde
47%
Sabot Pays-Bas
42%
Djembé Mali (Afrique de l'Ouest)
41%
Dreamcatcher Canada / États-Unis (nations autochtones)
40%
Aucun quiz correspondant
Distribution des résultats
% des personnes avec chaque résultat
Percentile par nombre de réponses
Votre historique - résultats
Vous n’avez pas pris ce quiz